00392nam a2200145Ia 4500008004100000082001200041082000800053245003700061245001000098260001000108300000900118942000800127999001900135952009200154231017s9999 xx 000 0 und d a627.018 bGOS 0aCriteria for selecting hydraulic 0cNCHRP bNCHRP c30cm cREP c606456d606456 00104070aNITbNITd2023-10-17l0o627.018 GOSpNIT-3591r2023-10-17w2023-10-17yREP